Lập trình trực quan /

Tallennettuna:
Bibliografiset tiedot
Päätekijä: Võ, Trung Hùng, TS
Aineistotyyppi: Kirja
Kieli:Vietnamese
Julkaistu: XD 2008
Tagit: Lisää tagi
Ei tageja, Lisää ensimmäinen tagi!
Thư viện lưu trữ: Mạng thư viện Đại học Đà Nẵng
LEADER 00602nam a2200265 4500
001 000027715
003 LQ3
005 20150406120000.0
008 150406s vm 000 vie
020 |c 0,0000 
040 |a notts 
100 |a Võ, Trung Hùng, TS 
245 |a Lập trình trực quan /  |c Võ Trung Hùng. 
260 |b XD  |c 2008 
OWN |a LTT 
999 |a From the UDN01 
TYP |a Monograph 
TYP |a Printed language 
980 |a Mạng thư viện Đại học Đà Nẵng